Pedagogía experimental
Đã lưu trong:
| Tác giả chính: | |
|---|---|
| Định dạng: | Sách |
| Ngôn ngữ: | Tiếng Tây Ban Nha |
| Được phát hành: |
Buenos Aires
Losada
1951
|
| Loạt: | Biblioteca pedagógica, 17
|
| Những chủ đề: | |
| Các nhãn: |
Thêm thẻ
Không có thẻ, Là người đầu tiên thẻ bản ghi này!
|
MARC
| LEADER | 00000nam a2200000 a 4500 | ||
|---|---|---|---|
| 001 | UCY4390 | ||
| 003 | CL-VaPUC | ||
| 008 | 950310e19510000AG |||||||||||||||||spa|d | ||
| 082 | 0 | 4 | |a 370.71 |b MEU |2 21 |
| 100 | |a Meumann, Ernst |e autor |q Meumann, Ernesto |9 332819 | ||
| 245 | 1 | 0 | |a Pedagogía experimental |
| 300 | |a 344 p | ||
| 942 | |c BK | ||
| 945 | |d 19950310 00:00:00 |a rbrito | ||
| 260 | |a Buenos Aires |b Losada |c 1951 | ||
| 650 | 0 | |a Formación profesional de profesores |9 307493 | |
| 583 | |a last modification |c 20181001 02:18:13 |k Rodrigo Vera | ||
| 490 | 0 | |a Biblioteca pedagógica, 17 | |
| 999 | |c 232264 |d 232262 | ||
| 952 | |0 0 |1 0 |4 0 |6 370_710000000000000_MEU_1951 |7 0 |8 P |9 236384 |a BIBEDU |b BIBEDU |c BIBEDU_PB |d 2019-11-15 |i 3063631 |o 370.71 MEU 1951 |p 3063631 |r 2024-01-25 |w 2019-11-15 |y BK |k EDU | ||